[Event "Hastings7879"]
[Site "Hastings"]
[Date "1978.??.??"]
[Round "1"]
[White "Hartston, William R"]
[Black "Csom, Istvan"]
[Result "1/2-1/2"]
[WhiteElo "2475"]
[BlackElo "2510"]

1.e4 c5 2.Nf3 d6 3.d4 cxd4 4.Nxd4 Nf6 5.Nc3 a6 6.Be3 e5 7.Nb3 Be7 8.Qd2 Be6
9.f3 Nbd7 10.g4 h6 11.Nd5 Bxd5 12.exd5 Nh7 13.O-O-O Bg5 14.Kb1 Bxe3 15.Qxe3 Qb6
16.Qd2 Nhf6 17.Be2 Rc8 18.h4 Nc5 19.Nxc5 Qxc5 20.c4 Rc7 21.Rc1 Nd7 22.g5 Nf8
23.f4 Ng6 24.fxe5 Nxe5 25.Rhf1 hxg5 26.Qxg5 f6 27.Qf4 Re7 28.h5 Nf7 29.Qg4 Ne5
30.Qf4 Nf7 31.Qg4 Ne5  1/2-1/2

[Event "Hastings7879"]
[Site "Hastings"]
[Date "1978.??.??"]
[Round "1"]
[White "Peters, John A"]
[Black "Lein, Anatoly"]
[Result "0-1"]
[WhiteElo "2430"]
[BlackElo "2505"]

1.e4 c6 2.d4 d5 3.Nc3 dxe4 4.Nxe4 Bf5 5.Nc5 Qc8 6.Nf3 e6 7.Ne5 b6 8.Ncd3 Nf6
9.g4 Be4 10.f3 Bxd3 11.Bxd3 Nbd7 12.Qe2 Nxe5 13.dxe5 Nd7 14.c3 Qc7 15.f4 Be7
16.h4 b5 17.Bd2 Rb8 18.g5 a5 19.h5 a4 20.Rd1 b4 21.c4 Nc5 22.Bb1 O-O 23.Bxb4 Nd3+
24.Qxd3 Bxb4+ 25.Ke2 f5 26.gxf6 gxf6 27.Rhg1+ Kh8 28.h6 Rf7 29.Qd4 fxe5 30.fxe5 Bf8
31.Rg4 Qb7 32.Rdg1 Bxh6 33.b3 axb3 34.a4 Rd7 35.Qe4 Rbd8 36.Bd3 b2 37.R4g3 Qb4
38.Qh4 Qd2+ 39.Kf1 Rf7+ 40.Qf6+  0-1

[Event "Hastings7879"]
[Site "Hastings"]
[Date "1978.??.??"]
[Round "1"]
[White "Kochyev, Alexander"]
[Black "Botterill, George Steven"]
[Result "1/2-1/2"]
[WhiteElo "2555"]
[BlackElo "2400"]

1.Nf3 g6 2.c4 Bg7 3.d4 Nf6 4.g3 O-O 5.Bg2 d5 6.cxd5 Nxd5 7.O-O Nc6 8.e4 Nb6
9.d5 Na5 10.Nc3 c6 11.Re1 Re8 12.Bg5 h6 13.Bf4 Nac4 14.Qb3 e5 15.dxe6 Bxe6
16.Qc2 Qe7 17.Rad1 Qb4 18.Bc1 Rad8 19.h3 Na3 20.bxa3 Qxc3 21.Qb1  1/2-1/2

[Event "Hastings7879"]
[Site "Hastings"]
[Date "1978.??.??"]
[Round "1"]
[White "Mestel, A Jonathan"]
[Black "Christiansen, Larry Mark"]
[Result "1-0"]
[WhiteElo "2450"]
[BlackElo "2490"]

1.e4 c5 2.Nf3 d6 3.d4 cxd4 4.Nxd4 Nf6 5.Nc3 Nc6 6.g3 Bg4 7.f3 Bd7 8.Be3 g6
9.Qd2 Bg7 10.O-O-O Rc8 11.g4 Ne5 12.h4 b5 13.Ncxb5 O-O 14.h5 Nxf3 15.Nxf3 Bxg4
16.Qg2 Qa5 17.a3 Rxc2+ 18.Kxc2 Qa4+ 19.Kd2 Qb3 20.Nc3 Qxb2+ 21.Kd3 Qxa3 22.Bc1 Qb4
23.Bd2 Rc8 24.hxg6 hxg6 25.Rh4 Rxc3+ 26.Bxc3 Qxe4+ 27.Kd2 Nd5 28.Bxg7 Qe3+
29.Kc2 Bxf3 30.Bb2 e5 31.Qd2 Qc5+ 32.Kb1 Ne3 33.Rc1 Qb6 34.Qh2 Nf5 35.Rc8+ Kg7
36.Rb4  1-0

[Event "Hastings7879"]
[Site "Hastings"]
[Date "1978.??.??"]
[Round "1"]
[White "Vasiukov, Evgeni"]
[Black "Balshan, Amikam"]
[Result "1-0"]
[WhiteElo "2555"]
[BlackElo "2415"]

1.e4 e5 2.Nf3 Nc6 3.Bb5 Nf6 4.O-O Nxe4 5.d4 Nd6 6.Bxc6 dxc6 7.dxe5 Nf5 8.Qxd8+ Kxd8
9.Nc3 Ke8 10.Ne2 b6 11.Nf4 Be7 12.g4 Nh4 13.Nxh4 Bxh4 14.h3 g6 15.Ng2 Be7
16.Bh6 f5 17.exf6 Bxf6 18.Rad1 Kf7 19.Rd3 Ba6 20.Rd7+ Ke8 21.Rfd1 Rd8 22.Rxd8+ Bxd8
23.Rd4 Bb7 24.c3 c5 25.Rd3 Bc6 26.Ne1 Bb5 27.Re3+ Kd7 28.Nf3 Kc8 29.Kg2 Bc6
30.Kg3 Bd5 31.a3 Bf6 32.g5 Bd8 33.h4 c6 34.Nh2 Bc7+ 35.f4 Rd8 36.Ng4 Bb3
37.Bg7 Rd2 38.Re8+ Kb7 39.Re7 Kc8 40.Be5 Bd8 41.Rxh7 Rxb2 42.Rg7 b5 43.Rxg6 Bd5
44.Nf6 Rg2+ 45.Kh3 Bf3 46.Rg8 Rg1 47.h5 a5 48.h6 Bd5 49.Nxd5 cxd5 50.Bf6 b4
51.cxb4 cxb4 52.axb4  1-0

[Event "Hastings7879"]
[Site "Hastings"]
[Date "1978.??.??"]
[Round "2"]
[White "Suba, Mihai"]
[Black "Peters, John A"]
[Result "1-0"]
[WhiteElo "2430"]
[BlackElo "2430"]

1.c4 Nf6 2.Nc3 c5 3.g3 Nc6 4.Bg2 e6 5.Nf3 Be7 6.O-O O-O 7.d4 d5 8.cxd5 Nxd5
9.Nxd5 exd5 10.dxc5 Bxc5 11.b3 Bf5 12.Bb2 Be4 13.Rc1 Qe7 14.Nh4 Bxg2 15.Kxg2 d4
16.e3 Ba3 17.Bxa3 Qxa3 18.exd4 Rad8 19.d5 Qa5 20.d6 Qe5 21.Re1 Qf6 22.d7 Nb8
23.Rc7 Qb6 24.Qc1 Rxd7 25.Rxd7 Nxd7 26.Nf5 Nf6 27.Re7 g6 28.Ne3 Ne8 29.Qc3 Nd6
30.Ng4 Nb5 31.Nh6+  1-0

[Event "Hastings7879"]
[Site "Hastings"]
[Date "1978.??.??"]
[Round "2"]
[White "Balshan, Amikam"]
[Black "Taulbut, Shaun M"]
[Result "1/2-1/2"]
[WhiteElo "2415"]
[BlackElo "2405"]

1.e4 g6 2.d4 d6 3.Nc3 Bg7 4.Nge2 Nd7 5.g3 e5 6.Bg2 Ngf6 7.O-O O-O 8.h3 c6
9.Be3 Re8 10.Re1 b6 11.d5 c5 12.a4 a6 13.Qd2 Rb8 14.Reb1 Qc7 15.b3 Nf8 16.g4 h5
17.f3 N8h7 18.b4 cxb4 19.Rxb4 hxg4 20.fxg4 Bxg4 21.hxg4 Nxg4 22.Bh3 Nxe3
23.Qxe3 Bf6 24.Rab1 Bg5 25.Qd3 Kg7 26.Kg2 Bh4 27.Qxa6 Ng5 28.Qc4 Qd8 29.Bg4 Nh7
30.Bh3 Rh8 31.Qd3 Qg5+ 32.Kh2 Bf2 33.Nd1 Bc5 34.R4b3 Nf6 35.Ng3 Ng4+ 36.Kg2 Rxh3
37.Kxh3 Rh8+ 38.Kg2 Rh2+ 39.Kf1 Qh4 40.Qf3 Qh3+ 41.Ke1 Qh4 42.Rxb6 f5 43.exf5 e4
44.Qf4 Rh1+ 45.Ke2 Rh2+ 46.Ke1 Rh1+ 47.Ke2 Rh2+  1/2-1/2

[Event "Hastings7879"]
[Site "Hastings"]
[Date "1978.??.??"]
[Round "2"]
[White "Andersson, Ulf"]
[Black "Kochyev, Alexander"]
[Result "1/2-1/2"]
[WhiteElo "2545"]
[BlackElo "2555"]

1.Nf3 Nf6 2.g3 g6 3.b3 Bg7 4.Bb2 d6 5.d4 c5 6.c3 O-O 7.Bg2 cxd4 8.cxd4 Qa5+
9.Qd2 Qxd2+ 10.Nbxd2 Nc6 11.O-O Bf5 12.Rfc1 Rfc8 13.Ne1 d5  1/2-1/2

[Event "Hastings7879"]
[Site "Hastings"]
[Date "1978.??.??"]
[Round "2"]
[White "Csom, Istvan"]
[Black "Vasiukov, Evgeni"]
[Result "1/2-1/2"]
[WhiteElo "2510"]
[BlackElo "2555"]

1.c4 e6 2.Nf3 d5 3.b3 Nf6 4.Bb2 Be7 5.cxd5 exd5 6.e3 O-O 7.Be2 Nbd7 8.O-O Re8
9.d3 c6 10.Nbd2 a5 11.a3 Bd6 12.Ra2 Nf8 13.Qa1 Ng6 14.Re1 Bg4 15.h3 Bd7 16.Bc3 Qe7
17.Bf1 h6 18.Rb1 Be6 19.Nd4 Bc8 20.b4 axb4 21.axb4 Rxa2 22.Qxa2 Nh4 23.Qb2 Nh7  1/2-1/2

[Event "Hastings7879"]
[Site "Hastings"]
[Date "1978.??.??"]
[Round "2"]
[White "Biyiasas, Peter"]
[Black "Mestel, A Jonathan"]
[Result "1-0"]
[WhiteElo "2450"]
[BlackElo "2450"]

1.c4 g6 2.Nc3 Bg7 3.d4 d6 4.e4 e5 5.Nge2 exd4 6.Nxd4 Nc6 7.Be3 Nge7 8.Be2 O-O
9.O-O f5 10.Nxc6 bxc6 11.Bd4 c5 12.Bxg7 Kxg7 13.Bf3 Rb8 14.b3 Nc6 15.exf5 Nd4
16.Bd5 Bxf5 17.Qd2 Qf6 18.Rae1 Rbe8 19.Nb5 a6 20.Nxd4 Qxd4 21.Qa5 Bd3 22.Rxe8 Rxe8
23.Rd1 Kh8 24.Bf3 Qe5 25.h3 Bc2 26.Rc1 Rf8 27.Re1 Qg7 28.Qxa6 Qc3 29.Re3 Qa1+
30.Kh2 Qf1 31.Qa5 Qxf2 32.Qc3+  1-0

[Event "Hastings7879"]
[Site "Hastings"]
[Date "1978.??.??"]
[Round "3"]
[White "Hartston, William R"]
[Black "Biyiasas, Peter"]
[Result "1-0"]
[WhiteElo "2475"]
[BlackElo "2450"]

1.d4 Nf6 2.c4 g6 3.Nc3 Bg7 4.Nf3 O-O 5.Bg5 d6 6.e3 Bf5 7.Be2 Ne4 8.Nxe4 Bxe4
9.O-O b6 10.Qd2 c5 11.Rac1 Nc6 12.d5 Nb8 13.Ne1 h6 14.Bh4 g5 15.Bg3 Nd7 16.f3 Bg6
17.e4 Ne5 18.f4 gxf4 19.Bxf4 Kh7 20.Rc3 f6 21.Rh3 Nf7 22.Bh5 Bxh5 23.Rxh5 Qe8
24.Rh4 e6 25.Qd3 e5 26.Bd2 Rb8 27.Nc2 b5 28.cxb5 Qxb5 29.Qxb5 Rxb5 30.b3 Rb6
31.Rh3 Ra6 32.a4 Rb6 33.Na3 Rfb8 34.Rff3 Ng5 35.Bxg5 fxg5 36.g4 R6b7 37.Nc4 Rd7
38.Kf2 Rf8 39.Rxf8 Bxf8 40.Rf3 Kg7 41.Ke2 Rb7 42.Kd2 Rb4 43.Kc2 a6 44.Rf1 Be7
45.Re1 Rb8 46.Ne3 Kg6 47.Kc3 Bd8 48.Rf1 Bc7 49.Rf3 Ba5+ 50.Kc2 Bc7 51.Nf5 Rh8
52.Ne7+ Kg7 53.Rh3 h5 54.gxh5 g4 55.Rh4 Kf6 56.Nf5 Kg5 57.h3 Rxh5 58.Rxg4+ Kf6
59.h4 Rh7 60.Rg8  1-0

[Event "Hastings7879"]
[Site "Hastings"]
[Date "1978.??.??"]
[Round "3"]
[White "Kochyev, Alexander"]
[Black "Balshan, Amikam"]
[Result "1/2-1/2"]
[WhiteElo "2555"]
[BlackElo "2415"]

1.Nf3 Nf6 2.c4 c5 3.Nc3 Nc6 4.d4 cxd4 5.Nxd4 a6 6.e4 Qb6 7.Nc2 e6 8.Be2 Be7
9.O-O O-O 10.Kh1 d6 11.f4 Qc7 12.b3 b6 13.Bb2 Bb7 14.Ne3 Qb8 15.Bd3 Rd8 16.Qf3 b5
17.Qh3 bxc4 18.Nxc4 Nb4 19.Bb1 d5 20.exd5 exd5 21.Nb6  1/2-1/2

[Event "Hastings7879"]
[Site "Hastings"]
[Date "1978.??.??"]
[Round "3"]
[White "Lein, Anatoly"]
[Black "Suba, Mihai"]
[Result "1/2-1/2"]
[WhiteElo "2505"]
[BlackElo "2430"]

1.Nf3 c5 2.g3 b6 3.Bg2 Bb7 4.O-O Nf6 5.d3 d5 6.Nbd2 g6 7.e4 dxe4 8.Ng5 Bg7
9.Ngxe4 Nxe4 10.dxe4 O-O 11.c3 Qd3 12.Re1 Rd8 13.Bf1 Qd7 14.Qc2 Nc6 15.Nf3 Ne5  1/2-1/2

[Event "Hastings7879"]
[Site "Hastings"]
[Date "1978.??.??"]
[Round "3"]
[White "Peters, John A"]
[Black "Botterill, George Steven"]
[Result "1-0"]
[WhiteElo "2430"]
[BlackElo "2400"]

1.e4 d6 2.d4 g6 3.Nc3 Bg7 4.f4 Nf6 5.Nf3 O-O 6.Be3 b6 7.e5 Ng4 8.Bg1 c5 9.h3 Nh6
10.d5 Nd7 11.Qe2 Qc7 12.Bh2 Nf5 13.O-O-O a6 14.g4 Nd4 15.Nxd4 cxd4 16.Rxd4 dxe5
17.Re4 f6 18.Rc4 Qb8 19.Rc6 Bb7 20.Bg2 b5 21.Re6 Rf7 22.fxe5 Nxe5 23.g5 Qd8
24.Rd1 Nc4 25.d6 exd6 26.Re1 fxg5 27.Bxb7 Rxb7 28.Qf3 d5 29.b3 g4 30.hxg4 Bh6+
31.Kd1 Rf7 32.Qxd5 Nb2+ 33.Ke2 Qf8 34.Rf1 Rc8 35.Be5 Qc5 36.Re8+  1-0

[Event "Hastings7879"]
[Site "Hastings"]
[Date "1978.??.??"]
[Round "4"]
[White "Biyiasas, Peter"]
[Black "Vasiukov, Evgeni"]
[Result "1-0"]
[WhiteElo "2450"]
[BlackElo "2555"]

1.Nf3 Nf6 2.g3 d5 3.Bg2 c6 4.O-O Bg4 5.d3 e6 6.Nbd2 Nbd7 7.e4 Be7 8.Re1 O-O
9.h3 Bh5 10.e5 Ne8 11.Nf1 Nc7 12.N1h2 a5 13.Bf4 a4 14.Qd2 a3 15.b3 Nb5 16.c4 Nc7
17.h4 Bxf3 18.Nxf3 Na6 19.Red1 Bb4 20.Qc2 Qa5 21.Rac1 d4 22.Qe2 Bc3 23.Ng5 g6
24.h5 Nac5 25.Qg4 Rfe8 26.Qh4 Nf8 27.Ne4 Nxe4 28.Bxe4 Bb4 29.Kg2 Qd8 30.Qg4 Ra5
31.hxg6 fxg6 32.Rh1 Qd7 33.Rh6 Re7 34.Rch1 Rg7 35.Bg5 Rxe5 36.Bf6 Ra5 37.Bxg7 Qxg7
38.Rxh7 Nxh7 39.Qxe6+ Kf8 40.Bxg6 Qe7 41.Qc8+  1-0

[Event "Hastings7879"]
[Site "Hastings"]
[Date "1978.??.??"]
[Round "4"]
[White "Christiansen, Larry Mark"]
[Black "Taulbut, Shaun M"]
[Result "1/2-1/2"]
[WhiteElo "2490"]
[BlackElo "2405"]

1.e4 g6 2.d4 d6 3.Nc3 Bg7 4.Be2 Nf6 5.Nf3 O-O 6.O-O c6 7.h3 Qc7 8.Bf4 Nh5
9.Bh2 Nd7 10.Qd2 e5 11.Rad1 Nhf6 12.Rfe1 Re8 13.Bf1 h6 14.a4 a6 15.Kh1 b6
16.Re3 Bb7 17.Rd3 Re7 18.dxe5 dxe5 19.Rd6 b5 20.b4 c5 21.bxc5 Nxc5 22.Rd8+ Re8
23.Rxa8 Bxa8 24.axb5 Ncxe4 25.Nxe4 Nxe4 26.Qd7 Qxd7 27.Rxd7 axb5 28.Bxb5  1/2-1/2

[Event "Hastings7879"]
[Site "Hastings"]
[Date "1978.??.??"]
[Round "4"]
[White "Mestel, A Jonathan"]
[Black "Hartston, William R"]
[Result "1/2-1/2"]
[WhiteElo "2450"]
[BlackElo "2475"]

1.e4 c5 2.Nf3 e6 3.d4 cxd4 4.Nxd4 Nf6 5.Nc3 d6 6.g3 Be7 7.Bg2 O-O 8.O-O a6
9.b3 Qc7 10.Nce2 Bd7 11.c4 Nc6 12.Bb2 Rac8 13.a4 Rfd8 14.Qd2 b6 15.Rfd1 Qb8
16.h3 Nxd4 17.Bxd4 b5 18.axb5 axb5 19.Ba7 Qc7 20.Qe3 Re8 21.Bb6 Qb8 22.e5 dxe5
23.Ra8 Qxa8 24.Bxa8 Rxa8 25.Qxe5 bxc4 26.bxc4 Rec8 27.Rc1 Bc6 28.Bd4 Bf8
29.Qe3  1/2-1/2

[Event "Hastings7879"]
[Site "Hastings"]
[Date "1978.??.??"]
[Round "4"]
[White "Andersson, Ulf"]
[Black "Peters, John A"]
[Result "1/2-1/2"]
[WhiteElo "2545"]
[BlackElo "2430"]

1.Nf3 d5 2.d4 Nf6 3.c4 e6 4.Nc3 c5 5.cxd5 Nxd5 6.g3 Nc6 7.Bg2 Be7 8.O-O O-O
9.Nxd5 exd5 10.dxc5 Bxc5 11.Bf4 Bf5 12.Qb3 Bb6 13.Rad1 Be4 14.Be3 Re8 15.Bxb6 Qxb6
16.Qxb6 axb6 17.a3 Na5 18.Nd4 Nc4 19.b3 Nxa3 20.Ra1 b5 21.Rfc1 b4 22.Rc5 f6
23.Rac1 Nb1 24.Bxe4 Rxe4 25.Rxb1 Rxd4 26.Rc7 Ra2 27.Rxb7 Rxe2 28.Rc1 h5 29.Rcc7 Rd1+
30.Kg2 Rdd2 31.Rxg7+ Kh8 32.Kg1 Rd1+ 33.Kg2 Rdd2 34.Rge7 Rxe7 35.Rxe7 Rd3
36.Rd7 h4 37.Kh3 hxg3 38.hxg3 Rxb3 39.Rxd5 Kg7  1/2-1/2

[Event "Hastings7879"]
[Site "Hastings"]
[Date "1978.??.??"]
[Round "5"]
[White "Kochyev, Alexander"]
[Black "Christiansen, Larry Mark"]
[Result "1/2-1/2"]
[WhiteElo "2555"]
[BlackElo "2490"]

1.Nf3 d6 2.d4 Nf6 3.g3 Bg4 4.Bg2 Nbd7 5.O-O e5 6.c4 Be7 7.Nc3 O-O 8.h3 Bxf3
9.Bxf3 c6 10.Bg2 Nb6 11.b3 exd4 12.Qxd4 d5 13.cxd5 Nfxd5 14.Nxd5 Nxd5 15.Bb2 Bf6
16.Qd2 Nf4  1/2-1/2

[Event "Hastings7879"]
[Site "Hastings"]
[Date "1978.??.??"]
[Round "5"]
[White "Lein, Anatoly"]
[Black "Andersson, Ulf"]
[Result "1/2-1/2"]
[WhiteElo "2505"]
[BlackElo "2545"]

1.c4 Nf6 2.Nc3 e6 3.Nf3 b6 4.g3 Bb7 5.Bg2 Be7 6.O-O O-O 7.d4 Ne4 8.Qc2 Nxc3
9.Qxc3 c5 10.Rd1 cxd4 11.Nxd4 Bxg2 12.Kxg2 a6 13.b3 Re8 14.Bb2 Bf8 15.e4  1/2-1/2

[Event "Hastings7879"]
[Site "Hastings"]
[Date "1978.??.??"]
[Round "5"]
[White "Suba, Mihai"]
[Black "Botterill, George Steven"]
[Result "0-1"]
[WhiteElo "2430"]
[BlackElo "2400"]

1.c4 Nf6 2.Nc3 g6 3.e4 d6 4.d4 Bg7 5.h3 O-O 6.Bg5 h6 7.Be3 e5 8.d5 Nbd7 9.Bd3 Nc5
10.Bc2 a5 11.Qd2 Kh7 12.g4 Ng8 13.Nge2 Bd7 14.Ng3 b6 15.f3 Bf6 16.h4 Bxh4
17.Kf2 Kg7 18.Rxh4 Qxh4 19.Rh1 Qd8 20.Bxh6+ Nxh6 21.Qxh6+ Kf6 22.Nh5+ Ke7
23.Qg5+ f6 24.Nxf6 Rxf6 25.Rh7+ Ke8 26.Qh6 Qe7 27.g5 Rf7 28.Qxg6 Qf8 29.f4 Ke7
30.f5 Rxh7 31.Qxh7+ Qf7 32.f6+ Ke8 33.Qh8+ Qf8 34.Qh4 Qg8 35.Ke3 Qg6 36.Bd1 Kd8
37.Bh5 Qh7 38.Ne2 Kc8 39.Ng1 Kb7 40.Nf3 Rh8 41.g6 Qh6+ 42.Ke2 Be8 43.f7 Bxf7
44.gxf7 Nd7 45.c5 dxc5 46.Qe7 Qxh5 47.Qxd7 Rf8 48.Qc6+ Ka6 49.a4 Qxf7 50.Nd2 Qh5+
51.Ke1 Qh1+ 52.Ke2 Qh5+ 53.Ke1 Qg4 54.Qb5+ Ka7 55.Qc6 Rf7 56.d6 Qe6  0-1

[Event "Hastings7879"]
[Site "Hastings"]
[Date "1978.??.??"]
[Round "5"]
[White "Taulbut, Shaun M"]
[Black "Biyiasas, Peter"]
[Result "1/2-1/2"]
[WhiteElo "2405"]
[BlackElo "2450"]

1.e4 e5 2.Nf3 Nc6 3.Bb5 a6 4.Ba4 Nf6 5.O-O Be7 6.Re1 b5 7.Bb3 d6 8.c3 O-O
9.d4 Bg4 10.d5 Na5 11.Bc2 c6 12.h3 Bh5 13.dxc6 Qc7 14.Nbd2 Rad8 15.Qe2 Nxc6
16.Nf1 Rc8 17.Ng3 Bg6 18.Bd3 d5 19.a4 dxe4 20.Nxe4 Nxe4 21.Bxe4 Bxe4 22.Qxe4 b4
23.Bd2 Qa5 24.Nxe5 Qxe5 25.Qxe5 Nxe5 26.Rxe5 Bf6 27.Rd5 bxc3 28.bxc3 Bxc3
29.Bxc3 Rxc3 30.Rd6 Ra8 31.Rb1 g6 32.Rb7 Kg7 33.Rdd7 Rf8 34.Rbc7 Rxc7 35.Rxc7 Re8  1/2-1/2

[Event "Hastings7879"]
[Site "Hastings"]
[Date "1978.??.??"]
[Round "6"]
[White "Andersson, Ulf"]
[Black "Suba, Mihai"]
[Result "1/2-1/2"]
[WhiteElo "2545"]
[BlackElo "2430"]

1.c4 Nf6 2.Nf3 c5 3.g3 b6 4.Bg2 Bb7 5.O-O e6 6.Nc3 a6 7.b3 d6 8.e3 Be7 9.d4 Ra7
10.a4 Nc6 11.d5 exd5 12.cxd5 Nb4 13.Ne1 O-O 14.Nc2 Nxc2 15.Qxc2 Re8 16.Rd1  1/2-1/2

[Event "Hastings7879"]
[Site "Hastings"]
[Date "1978.??.??"]
[Round "6"]
[White "Csom, Istvan"]
[Black "Peters, John A"]
[Result "1/2-1/2"]
[WhiteElo "2510"]
[BlackElo "2430"]

1.c4 c5 2.Nf3 Nf6 3.g3 d5 4.Bg2 Nc6 5.O-O dxc4 6.Qa4 Bd7 7.Qxc4 e6 8.d4 cxd4
9.Nxd4 Rc8 10.Nc3 Nxd4 11.Qxd4 Bc5 12.Qh4 Bc6 13.Rd1 Qa5 14.Bh6 O-O 15.Bxc6 Rxc6
16.Bxg7 Bxf2+ 17.Kxf2 Kxg7 18.Rd3 Rc5 19.Kg2 Rh5 20.Qd4 Qf5 21.g4 Rg5 22.h3 e5
23.Qf2 Qg6 24.Rd6 Qh6 25.Qxf6+ Qxf6 26.Rxf6 Kxf6 27.Ne4+ Kg6 28.Rc1 h5 29.Nxg5 Kxg5
30.Kg3 hxg4 31.hxg4 Rd8 32.Rc7 Rd2 33.Rxb7 Rxe2 34.Rxf7 Rxb2 35.Rg7+ Kf6
36.Rxa7 Rd2 37.a4 Rd3+ 38.Kh4 e4 39.g5+ Kg6 40.Ra6+ Kg7 41.Kh5 e3 42.Re6 Ra3
43.Re4 e2 44.Re7+ Kf8 45.Rxe2 Rxa4 46.Kg6 Ra8 47.Kh7 Ra7+ 48.Kh6 Ra8 49.Kh7 Ra7+
50.Kh8 Kf7  1/2-1/2

[Event "Hastings7879"]
[Site "Hastings"]
[Date "1978.??.??"]
[Round "6"]
[White "Hartston, William R"]
[Black "Vasiukov, Evgeni"]
[Result "1/2-1/2"]
[WhiteElo "2475"]
[BlackElo "2555"]

1.e4 e5 2.Bc4 Nf6 3.d3 c6 4.Bb3 Bc5 5.Nf3 d6 6.Nc3 Qe7 7.Ne2 Be6 8.Ng3 g6
9.c3 Bb6 10.Bc2 h6 11.a4 a5 12.h3 Nbd7 13.d4 O-O-O 14.O-O Kc7 15.b4 Bc4 16.Re1 Ra8
17.Ba3 Nh7 18.Nd2 axb4  1/2-1/2

[Event "Hastings7879"]
[Site "Hastings"]
[Date "1978.??.??"]
[Round "6"]
[White "Mestel, A Jonathan"]
[Black "Taulbut, Shaun M"]
[Result "1-0"]
[WhiteElo "2450"]
[BlackElo "2405"]

1.e4 g6 2.d4 d6 3.Nc3 Bg7 4.Nge2 Nf6 5.g3 O-O 6.Bg2 e5 7.O-O c6 8.a4 Qc7
9.a5 Bg4 10.Be3 Re8 11.f3 Be6 12.Qd2 Na6 13.Kh1 Rad8 14.d5 cxd5 15.exd5 Bd7
16.Bxa7 Qc4 17.Ne4 Nxe4 18.fxe4 Nc5 19.b3 Qb5 20.Bb6 Rc8 21.Rab1 Bg4 22.Rfe1 f5
23.h3 Bxh3 24.Bxh3 Nxe4 25.Qd3 Qb4 26.c4 Qxb6 27.Qxe4 Qxa5 28.Qe3 b5 29.g4 f4
30.Qe4 f3 31.Qxf3 e4 32.Qe3 bxc4 33.g5 Rc7 34.Be6+ Kh8 35.bxc4 Rxc4 36.Nf4 Qc3
37.Rb3 Qxe3 38.Rbxe3 Be5 39.Rxe4 Rc3 40.Kg2 Rb8 41.Rf1 Rb2+ 42.Rf2 Rxf2+
43.Kxf2 Rc2+ 44.Ke3  1-0

[Event "Hastings7879"]
[Site "Hastings"]
[Date "1978.??.??"]
[Round "6"]
[White "Biyiasas, Peter"]
[Black "Kochyev, Alexander"]
[Result "1/2-1/2"]
[WhiteElo "2450"]
[BlackElo "2555"]

1.Nf3 Nf6 2.g3 g6 3.Bg2 Bg7 4.O-O O-O 5.c4 d6 6.Nc3 e5 7.d3 Nc6 8.Rb1 a5
9.a3 Nd4 10.Nxd4 exd4 11.Nd5 a4 12.e4 dxe3 13.Bxe3 Ng4 14.Bd2 Ne5 15.Bc3 Bg4
16.f3 Bd7 17.Qd2 c6 18.Ne3 Be6 19.Rbe1 d5 20.Nc2 Nd7 21.Nd4 Nc5 22.Nxe6 Nxe6
23.Bxg7 Kxg7 24.Qc3+ Qf6 25.Qxf6+ Kxf6 26.cxd5 cxd5 27.f4 Ra5 28.Re5 Rd8
29.Rd1 Rb5 30.Rd2 Rd6 31.d4 Rdb6 32.Ree2 h5 33.Bh3 Rc6 34.Kf2 Rc4  1/2-1/2

[Event "Hastings7879"]
[Site "Hastings"]
[Date "1978.??.??"]
[Round "7"]
[White "Kochyev, Alexander"]
[Black "Mestel, A Jonathan"]
[Result "1-0"]
[WhiteElo "2555"]
[BlackElo "2450"]

1.Nf3 d5 2.c4 d4 3.g3 Nc6 4.Bg2 e5 5.O-O Nf6 6.d3 Nd7 7.e3 Be7 8.Na3 O-O
9.exd4 exd4 10.Nc2 Nde5 11.Nxe5 Nxe5 12.f4 Nc6 13.a3 a5 14.b3 Qd6 15.f5 Bf6
16.Bf4 Be5 17.Bd2 Ne7 18.Be4 Bd7 19.Qf3 Bc6 20.Rae1 f6 21.Kg2 Ra7 22.g4 Bd7
23.a4 c6 24.Bc1 Qc7 25.Ba3 Bd6 26.c5 Be5 27.Qf2 Rd8 28.Bc1 Be8 29.Na3 Bf7
30.Nc4 Bxc4 31.bxc4 Nc8 32.Bf4 Bxf4 33.Qxf4 b5 34.axb5 cxb5 35.Bd5+ Rxd5
36.cxd5 Qxc5 37.Re8+ Kf7 38.Qe4 Re7 39.Rxe7+ Qxe7 40.Qe6+ Qxe6 41.fxe6+  1-0

[Event "Hastings7879"]
[Site "Hastings"]
[Date "1978.??.??"]
[Round "7"]
[White "Taulbut, Shaun M"]
[Black "Hartston, William R"]
[Result "1/2-1/2"]
[WhiteElo "2405"]
[BlackElo "2475"]

1.e4 c5 2.Nf3 e6 3.d4 cxd4 4.Nxd4 Nf6 5.Nc3 d6 6.g3 Nc6 7.Bg2 Bd7 8.O-O Be7
9.Re1 O-O 10.Nxc6 Bxc6 11.a4 Qd7 12.Be3 b6 13.Bf4 Rfd8 14.Qe2 a6 15.Rad1 Qb7
16.h3 b5 17.axb5 axb5 18.b4 d5 19.Bg5 dxe4 20.Bxf6 Bxf6 21.Nxe4 Be7 22.c3 h6
23.g4 Rac8 24.Qe3 Rxd1 25.Rxd1 Bd5 26.Bf3 Qc7 27.Rd3 Qe5 28.Bg2 Ra8 29.Bf3 Rc8
30.Bg2 Bxe4 31.Qxe4 Qxe4 32.Bxe4 Bf6 33.Bb7 Rc7 34.Ba6 Bxc3 35.Rd8+ Kh7 36.Bxb5 Bxb4
37.Be8 Re7 38.Bb5 Rb7 39.Be8 f5 40.Rd7 Rb6 41.gxf5 exf5 42.Rf7  1/2-1/2

[Event "Hastings7879"]
[Site "Hastings"]
[Date "1978.??.??"]
[Round "7"]
[White "Suba, Mihai"]
[Black "Balshan, Amikam"]
[Result "0-1"]
[WhiteElo "2430"]
[BlackElo "2415"]

1.c4 c5 2.Nc3 Nc6 3.Nf3 g6 4.e3 Bg7 5.d4 d6 6.Be2 Nf6 7.d5 Ne5 8.Nxe5 dxe5
9.e4 O-O 10.Be3 b6 11.a3 Nd7 12.O-O Bb7 13.b4 Rc8 14.Na4 f5 15.f3 Ba6 16.bxc5 bxc5
17.Qd2 Qc7 18.Rfb1 Rb8 19.Bd3 f4 20.Bf2 h5 21.Be1 g5 22.Qa5 Qd6 23.Rxb8 Rxb8
24.Bf2 Rc8 25.Be2 Bf6 26.Rb1 Kf7 27.h3 Rc7 28.Nb6 Nb8 29.Na8 Rc8 30.Nc7 Qd8
31.Rxb8 Rxb8 32.Qxc5 Rb1+ 33.Bf1 Bc8 34.Qxa7 g4 35.fxg4 hxg4 36.Ne6 Bxe6
37.dxe6+ Kxe6 38.Qa6+ Kf7 39.c5 g3 40.Qc4+ e6 41.c6 gxf2+ 42.Kh2 Qc7  0-1

[Event "Hastings7879"]
[Site "Hastings"]
[Date "1978.??.??"]
[Round "7"]
[White "Peters, John A"]
[Black "Christiansen, Larry Mark"]
[Result "1/2-1/2"]
[WhiteElo "2430"]
[BlackElo "2490"]

1.e4 c5 2.c3 e6 3.d4 d5 4.e5 Nc6 5.Nf3 Bd7 6.Be2 Nge7 7.Na3 cxd4 8.cxd4 Nf5
9.Nc2 Rc8 10.O-O Qb6 11.g4 Nfe7 12.Nfe1 h5 13.gxh5 Nf5 14.Be3 Qxb2 15.Rb1 Qxa2
16.Rxb7 Be7 17.Bb5 Rb8 18.Rxb8+ Nxb8 19.Bd3 Qb3  1/2-1/2

[Event "Hastings7879"]
[Site "Hastings"]
[Date "1978.??.??"]
[Round "7"]
[White "Lein, Anatoly"]
[Black "Csom, Istvan"]
[Result "1/2-1/2"]
[WhiteElo "2505"]
[BlackElo "2510"]

1.e4 c5 2.Nf3 d6 3.d4 cxd4 4.Nxd4 Nf6 5.Nc3 a6 6.f3 e5 7.Nb3 Be6 8.Be3 Be7
9.Qd2 Nbd7 10.g4 h6 11.Nd5 Bxd5 12.exd5 Nh7 13.O-O-O Bg5 14.Kb1 Bxe3 15.Qxe3 Qb6
16.h3  1/2-1/2

[Event "Hastings7879"]
[Site "Hastings"]
[Date "1978.??.??"]
[Round "7"]
[White "Botterill, George Steven"]
[Black "Andersson, Ulf"]
[Result "0-1"]
[WhiteElo "2400"]
[BlackElo "2545"]

1.d4 Nf6 2.Nf3 e6 3.Bg5 h6 4.Bxf6 Qxf6 5.e4 d6 6.Nbd2 Nd7 7.Bd3 g6 8.Qe2 Bg7
9.c3 a6 10.a4 b6 11.O-O O-O 12.b4 Bb7 13.a5 b5 14.c4 bxc4 15.Bxc4 Ra7 16.Qe3 Qe7
17.Ra2 Rfa8 18.Nb3 Nf6 19.Bd3 Bc6 20.Rc1 Be8 21.h3 Rb7 22.Qe1 Qd8 23.Na1 Bf8
24.Nc2 c5 25.d5 exd5 26.exd5 Nxd5 27.bxc5 Re7 28.Qd2 dxc5 29.Bc4 Nc7 30.Qxd8 Rxd8
31.Ne3 Kg7 32.Nd2 Rb8 33.Bf1 Re6 34.Ndc4 Nb5 35.Nb6 Rd8 36.Nec4  0-1

[Event "Hastings7879"]
[Site "Hastings"]
[Date "1978.??.??"]
[Round "8"]
[White "Christiansen, Larry Mark"]
[Black "Lein, Anatoly"]
[Result "1/2-1/2"]
[WhiteElo "2490"]
[BlackElo "2505"]

1.c4 Nf6 2.Nf3 c6 3.d4 d5 4.Nc3 g6 5.e3 Bg7 6.Bd3 O-O 7.O-O dxc4 8.Bxc4 Nbd7
9.a4 Nb6 10.Bb3 a5 11.e4 Bg4 12.Be3 Ne8  1/2-1/2

[Event "Hastings7879"]
[Site "Hastings"]
[Date "1978.??.??"]
[Round "8"]
[White "Biyiasas, Peter"]
[Black "Peters, John A"]
[Result "1-0"]
[WhiteElo "2450"]
[BlackElo "2430"]

1.e4 c5 2.Nf3 Nf6 3.e5 Nd5 4.Nc3 e6 5.Nxd5 exd5 6.d4 Nc6 7.dxc5 Bxc5 8.Bd3 d6
9.exd6 O-O 10.O-O Qxd6 11.c3 h6 12.Bc2 Bg4 13.Qd3 Qg6 14.Be3 Qxd3 15.Bxd3 Bd6
16.Nd4 Ne5 17.Bf5 Bc5 18.Rfe1 Bxd4 19.Bxd4 Nf3+ 20.gxf3 Bxf5 21.Re7 b6 22.Rae1 f6
23.f4 Rf7 24.f3 Kf8 25.R7e2 Bd7 26.b3 Re8 27.Rxe8+ Bxe8 28.Kf2 Re7 29.Ra1 Bg6
30.a4 Rb7 31.b4 a6 32.a5 b5 33.Bc5+ Kf7 34.Ke3 Bh5 35.Rd1 Rd7 36.f5 Ke8 37.Rd3 Kd8
38.Kd4 Bf7 39.Re3 Kc7 40.h4 Bg8 41.Re7 Bh7  1-0